000 00514nam a2200181Ia 4500
003 OSt
005 20250402115621.0
008 210210b1950 xxu||||| |||| 00| 0 eng d
040 _cAL
041 _akan
082 _a859/2255
100 _aHARIDASA BHATTA (K S)
_9158698
_dಹರಿದಾಸ ಭಟ್ಟ (ಕೆ.ಎಸ್)
245 _aFantamara:
_bಫ್ಯಾಂಟಮಾರಾ
260 _aUdupi
_bAntaranga Prakashana
_c1950
690 _aKannada Fiction
_9158699
906 _a022969
942 _2ddc
_cBK
999 _c147802
_d147802